Toán 9 T2

Salvato in:
Dettagli Bibliografici
Natura: Libro
Lingua:Undetermined
Pubblicazione: Hà Nội Giáo dục 2005
Soggetti:
Tags: Aggiungi Tag
Nessun Tag, puoi essere il primo ad aggiungerne! !
Thư viện lưu trữ: Trung tâm Học liệu Trường Đại học Cần Thơ
LEADER 00525nam a2200193Ia 4500
001 CTU_106415
008 210402s9999 xx 000 0 und d
020 |c 5300 
082 |a 510.0712 
082 |b T406/T2/L9 
245 0 |a Toán 9 T2 
245 0 |c Phan Đức Chính ... [et al.] 
260 |a Hà Nội 
260 |b Giáo dục 
260 |c 2005 
650 |a Mathematics 
650 |x Study and teaching 
904 |i Tuyến, Hiếu (sửa) 
980 |a Trung tâm Học liệu Trường Đại học Cần Thơ